[Event "194th MGU"]
[Site "Sofia"]
[Date "2017.10.28"]
[Round "1.1"]
[White "Metev, Martin"]
[Black "Georgiev, Nikolay Zh"]
[Result "1-0"]
[WhiteElo "1907"]
[BlackElo "1598"]
[PlyCount "103"]
[EventDate "2017.10.28"]
[EventType "swiss"]
[EventRounds "6"]
[EventCountry "BUL"]
[SourceDate "2008.07.28"]

1. e4 e5 2. Nf3 Nc6 3. Bb5 Nf6 4. O-O Bc5 5. c3 Nxe4 6. d4 Be7 7. Re1 d5 8.
Nxe5 Bd7 9. Nxc6 bxc6 10. Bd3 Nf6 11. Qe2 Be6 12. f4 g6 13. h3 O-O 14. f5 gxf5
15. Bh6 Re8 16. Qf3 Kh8 17. Bxf5 Bxf5 18. Qxf5 Qd7 19. Qe5 Qd6 20. Nd2 Qxe5 21.
Rxe5 Bd6 22. Rf5 Ne4 23. Nxe4 Rxe4 24. Rxf7 Re2 25. Rf2 Rxf2 26. Kxf2 Re8 27.
g3 Re6 28. Bd2 Kg7 29. Re1 Rf6+ 30. Kg2 Kf7 31. b4 h5 32. Bg5 Re6 33. Rxe6 Kxe6
34. Kf3 Kf5 35. Be3 a6 36. Bf4 Bxf4 37. gxf4 Kf6 38. Kg3 Kf5 39. Kh4 Kxf4 40.
Kxh5 Ke3 41. Kg6 Kd3 42. h4 Kxc3 43. h5 Kxd4 44. h6 Kc4 45. h7 Kxb4 46. h8=Q c5
47. Qb8+ Kc3 48. Qxc7 c4 49. Qa5+ Kd4 50. Kf5 c3 51. Ke6 c2 52. Qd2+ 1-0

[Event "194th MGU"]
[Site "Sofia"]
[Date "2017.10.28"]
[Round "1.2"]
[White "Mladenov, Andrey"]
[Black "Andreev, Dobrotich"]
[Result "0-1"]
[WhiteElo "1593"]
[BlackElo "1844"]
[PlyCount "78"]
[EventDate "2017.10.28"]
[EventType "swiss"]
[EventRounds "6"]
[EventCountry "BUL"]
[SourceDate "2008.07.28"]

1. e4 c6 2. d4 d5 3. exd5 cxd5 4. Nf3 Bg4 5. Be2 Nc6 6. c3 e6 7. O-O Nf6 8. Qa4
Bd6 9. Nbd2 O-O 10. Re1 a6 11. h3 b5 12. Qd1 Bf5 13. Nf1 b4 14. cxb4 Nxb4 15.
Ne3 Bg6 16. Ne5 Bxe5 17. dxe5 Ne4 18. a3 Nc6 19. f4 Qb6 20. Kh2 Rfc8 21. f5 Nf2
22. Qa4 Bxf5 23. Nxf5 exf5 24. Qf4 Ne4 25. Rd1 Nd4 26. Qe3 Qb3 27. Rd3 Qc2 28.
Rxd4 f4 29. Qd3 Ng5 30. Qxc2 Rxc2 31. Bd3 Nf3+ 32. Kh1 Nxd4 33. Bxc2 Nxc2 34.
Rb1 g5 35. Bd2 Rb8 36. a4 Rb3 37. Bc3 d4 38. Rc1 dxc3 39. Rxc2 cxb2 0-1

[Event "194th MGU"]
[Site "Sofia"]
[Date "2017.10.28"]
[Round "1.3"]
[White "Novikov, Sergey"]
[Black "Simeonov, Daniel"]
[Result "0-1"]
[WhiteElo "1827"]
[BlackElo "1528"]
[PlyCount "114"]
[EventDate "2017.10.28"]
[EventType "swiss"]
[EventRounds "6"]
[EventCountry "BUL"]
[SourceDate "2008.07.28"]

1. b4 d5 2. Bb2 a6 3. e3 c6 4. c4 e6 5. Nf3 Nf6 6. b5 Be7 7. Nc3 Nbd7 8. a4 Qc7
9. d4 O-O 10. Bd3 Bb4 11. Qb3 Bxc3+ 12. Bxc3 dxc4 13. Bxc4 Nd5 14. Bb2 Qa5+ 15.
Ke2 N7f6 16. Rhc1 Ne4 17. bxc6 bxc6 18. Bd3 Nef6 19. Rxc6 Bd7 20. Rc5 Qd8 21.
Ba3 Rb8 22. Qc2 a5 23. Ne5 Nb4 24. Bxb4 Rxb4 25. Nxd7 Nxd7 26. Bxh7+ Kh8 27.
Rh5 Nf6 28. Rh3 Qb6 29. Bd3+ Kg8 30. Bb5 Qb7 31. Qc6 Qxc6 32. Bxc6 Rc8 33. Bb5
Rc2+ 34. Kf1 Rbb2 35. Rf3 Ng4 36. Rf4 Nxf2 37. Be8 f6 38. Bg6 Rd2 39. Rc1 Kf8
40. Ke1 Ke7 41. h4 Kd6 42. h5 f5 43. Rxf2 Rxf2 44. e4 Rfe2+ 45. Kf1 Rxe4 46.
Be8 Rxd4 47. Bb5 Ke5 48. Bc6 Rdd2 49. Bf3 Kf6 50. Kg1 Rdc2 51. Rd1 Ra2 52. Rd6
Rxa4 53. Bd1 Ra1 54. Kh2 Rcc1 55. Bb3 Re1 56. Ra6 f4 57. Ra8 Rh1# 0-1

[Event "194th MGU"]
[Site "Sofia"]
[Date "2017.10.28"]
[Round "1.4"]
[White "Tsekov, Vasil"]
[Black "Ivanov, Daniel"]
[Result "1-0"]
[WhiteElo "1709"]
[BlackElo "1758"]
[PlyCount "95"]
[EventDate "2017.10.28"]
[EventType "swiss"]
[EventRounds "6"]
[EventCountry "BUL"]
[SourceDate "2008.07.28"]

1. e4 e6 2. d4 d5 3. Nd2 Nf6 4. e5 Nfd7 5. f4 c5 6. c3 Nc6 7. Ngf3 Be7 8. Bb5
Qb6 9. Qa4 a6 10. Bd3 cxd4 11. cxd4 O-O 12. a3 f6 13. Qc2 f5 14. Nb3 a5 15. Be3
a4 16. Nc1 Qd8 17. Ne2 Nb6 18. O-O Bd7 19. Rfc1 Na5 20. Nd2 Rc8 21. Qd1 Nbc4
22. Bxc4 Nxc4 23. Nxc4 dxc4 24. d5 Bc5 25. Bxc5 Rxc5 26. dxe6 Bxe6 27. Qxa4 b5
28. Qb4 Qb6 29. Kf1 Rd8 30. a4 Rd3 31. a5 Qa7 32. Ra3 Rxa3 33. Qxa3 Rd5 34. Qb4
Kf7 35. Ke1 Qe3 36. a6 Bd7 37. Rd1 Rd3 38. Ra1 Bc6 39. a7 c3 40. a8=Q Qd2+ 41.
Kf2 Bxa8 42. Rxa8 Qe3+ 43. Ke1 c2 44. Qf8+ Ke6 45. Qe8+ Kd5 46. Qxb5+ Ke4 47.
Ra4+ Rd4 48. Qc6+ 1-0

[Event "194th MGU"]
[Site "Sofia"]
[Date "2017.10.28"]
[Round "2.1"]
[White "Vassilev, Martin"]
[Black "Tsekov, Vasil"]
[Result "1/2-1/2"]
[WhiteElo "2071"]
[BlackElo "1709"]
[PlyCount "103"]
[EventDate "2017.10.28"]
[EventType "swiss"]
[EventRounds "6"]
[EventCountry "BUL"]
[SourceDate "2008.07.28"]

1. e4 e5 2. Nf3 Nf6 3. Nxe5 d6 4. Nf3 Nxe4 5. Nc3 Nxc3 6. dxc3 Be7 7. Bd3 Nc6
8. O-O O-O 9. h3 Re8 10. Re1 Bf6 11. Bf4 Rxe1+ 12. Qxe1 Be6 13. Qe4 g6 14. Bb5
d5 15. Qe2 Ne7 16. Ne5 c6 17. Bd3 Qb6 18. b3 Qc5 19. Bd2 d4 20. cxd4 Qxd4 21.
Re1 Nd5 22. Ng4 Bg7 23. Qf3 Bxg4 24. hxg4 Qf6 25. Qe4 Rd8 26. g5 Qb2 27. a4 Qd4
28. Qf3 Bf8 29. g3 Nb4 30. Bc4 Nd5 31. Bc1 Bc5 32. Bxd5 Qxd5 33. Qxd5 cxd5 34.
Kf1 d4 35. Rd1 Re8 36. Bb2 Re4 37. Re1 f5 38. gxf6 Rxe1+ 39. Kxe1 Kf7 40. Ke2
Kxf6 41. b4 Bxb4 42. Bxd4+ Kf5 43. Bxa7 Bd6 44. Ke3 g5 45. Kd4 h5 46. Kd5 Bc7
47. c4 h4 48. gxh4 gxh4 49. f3 b6 50. c5 h3 51. cxb6 Bxb6 52. Bb8 1/2-1/2

[Event "194th MGU"]
[Site "Sofia"]
[Date "2017.10.28"]
[Round "2.2"]
[White "Andreev, Dobrotich"]
[Black "Metev, Martin"]
[Result "1-0"]
[WhiteElo "1844"]
[BlackElo "1907"]
[PlyCount "95"]
[EventDate "2017.10.28"]
[EventType "swiss"]
[EventRounds "6"]
[EventCountry "BUL"]
[SourceDate "2008.07.28"]

1. e4 e6 2. d4 d5 3. Nd2 dxe4 4. Nxe4 Nd7 5. Bd3 Ngf6 6. Qe2 Be7 7. Nf3 O-O 8.
Bg5 h6 9. h4 hxg5 10. hxg5 Nd5 11. Ne5 g6 12. Qg4 Kg7 13. Rh6 Nxe5 14. dxe5 Rh8
15. Nf6 Bxf6 16. gxf6+ Nxf6 17. Rxh8 Kxh8 18. Qh4+ Kg7 19. O-O-O Bd7 20. Bxg6
Kxg6 21. exf6 Qxf6 22. Qg4+ Qg5+ 23. Qxg5+ Kxg5 24. Rxd7 f5 25. Rxc7 Rb8 26.
Kd2 e5 27. Ke3 a6 28. c4 b5 29. c5 Rd8 30. c6 f4+ 31. Ke4 Rd2 32. Kxe5 Re2+ 33.
Kd6 Rxf2 34. Rd7 Rd2+ 35. Kc5 Rxb2 36. Kb6 Rxg2 37. c7 Rc2 38. Rd5+ Kh4 39. Rc5
Rxc5 40. Kxc5 f3 41. c8=Q f2 42. Qf5 Kg3 43. Kb6 Kg2 44. Kxa6 b4 45. Qg4+ Kh2
46. Qf3 Kg1 47. Qg3+ Kf1 48. Ka5 1-0

[Event "194th MGU"]
[Site "Sofia"]
[Date "2017.10.28"]
[Round "2.3"]
[White "Simeonov, Daniel"]
[Black "Mladenov, Andrey"]
[Result "0-1"]
[WhiteElo "1528"]
[BlackElo "1593"]
[PlyCount "52"]
[EventDate "2017.10.28"]
[EventType "swiss"]
[EventRounds "6"]
[EventCountry "BUL"]
[SourceDate "2008.07.28"]

1. d4 d5 2. e3 Nf6 3. c4 c6 4. Nc3 e6 5. f3 Bd6 6. c5 Be7 7. Bd3 O-O 8. Nge2 b6
9. cxb6 Qxb6 10. O-O Nbd7 11. a3 e5 12. b4 a5 13. bxa5 Qxa5 14. Qc2 Ba6 15.
Bxa6 Qxa6 16. a4 Rfb8 17. Ba3 Bxa3 18. Rxa3 Qc4 19. Rb1 c5 20. dxe5 Nxe5 21.
Rxb8+ Rxb8 22. Ra2 d4 23. Nb5 Qxc2 24. Rxc2 d3 25. Rxc5 dxe2 26. Kf2 Nd3+ 0-1

[Event "194th MGU"]
[Site "Sofia"]
[Date "2017.10.28"]
[Round "2.5"]
[White "Ivanov, Daniel"]
[Black "Georgiev, Pantaley"]
[Result "1-0"]
[WhiteElo "1758"]
[BlackElo "1688"]
[PlyCount "75"]
[EventDate "2017.10.28"]
[EventType "swiss"]
[EventRounds "6"]
[EventCountry "BUL"]
[SourceDate "2008.07.28"]

1. e4 c5 2. Nf3 e6 3. a3 a5 4. d4 b6 5. c4 a4 6. Nc3 cxd4 7. Nxd4 Bc5 8. Ndb5
Bb7 9. Nxa4 Be7 10. Be3 Bxe4 11. Nxb6 Ra6 12. c5 d5 13. Nd6+ Bxd6 14. Bxa6 Be5
15. Bb5+ Kf8 16. Bd4 Qf6 17. Bxe5 Qxe5 18. O-O Qxb2 19. Nd7+ Ke7 20. Qa4 Bc2
21. Qa7 Qxb5 22. Nxb8+ Kf6 23. Nd7+ Kg5 24. Qc7 Nf6 25. Qg3+ Ng4 26. Ne5 f5 27.
Nf7+ Kf6 28. Nxh8 Qxc5 29. h3 Ne5 30. Qh4+ g5 31. Qh6+ Ng6 32. Qxh7 Ne5 33.
Qh6+ Ke7 34. Qxg5+ Kd6 35. Qd8+ Nd7 36. Nf7+ Kc6 37. Qc8+ Kb5 38. Qxd7+ 1-0

[Event "194th MGU"]
[Site "Sofia"]
[Date "2017.10.28"]
[Round "3.1"]
[White "Tsekov, Vasil"]
[Black "Andreev, Dobrotich"]
[Result "0-1"]
[WhiteElo "1709"]
[BlackElo "1844"]
[PlyCount "38"]
[EventDate "2017.10.28"]
[EventType "swiss"]
[EventRounds "6"]
[EventCountry "BUL"]
[SourceDate "2008.07.28"]

1. Nf3 d5 2. g3 Nf6 3. Bg2 c6 4. O-O Nbd7 5. d3 e5 6. e4 Be7 7. Nc3 d4 8. Ne2
O-O 9. Nh4 Nc5 10. f4 Ne8 11. Nf3 f5 12. fxe5 fxe4 13. Nfxd4 Rxf1+ 14. Kxf1
exd3 15. cxd3 Bg4 16. Be3 Qc7 17. Bf3 Bh3+ 18. Kf2 Qxe5 19. Nxc6 bxc6 0-1

[Event "194th MGU"]
[Site "Sofia"]
[Date "2017.10.28"]
[Round "3.2"]
[White "Metev, Martin"]
[Black "Vassilev, Martin"]
[Result "1/2-1/2"]
[WhiteElo "1907"]
[BlackElo "2071"]
[PlyCount "49"]
[EventDate "2017.10.28"]
[EventType "swiss"]
[EventRounds "6"]
[EventCountry "BUL"]
[SourceDate "2008.07.28"]

1. e4 e6 2. d4 d5 3. Nc3 Bb4 4. e5 c5 5. a3 Bxc3+ 6. bxc3 Ne7 7. Nf3 Bd7 8. Bd3
c4 9. Be2 Ba4 10. O-O a5 11. Rb1 b5 12. h3 Nd7 13. Nh2 Qc7 14. f4 Qa7 15. Kh1
Nf5 16. Rf3 h5 17. g3 h4 18. g4 Ng3+ 19. Kg2 Nb8 20. Nf1 Nxf1 21. Rxf1 Nc6 22.
Be3 Qe7 23. Bc1 Qa7 24. Be3 Qe7 25. Bc1 1/2-1/2

[Event "194th MGU"]
[Site "Sofia"]
[Date "2017.10.28"]
[Round "3.3"]
[White "Mladenov, Andrey"]
[Black "Ivanov, Daniel"]
[Result "1-0"]
[WhiteElo "1593"]
[BlackElo "1758"]
[PlyCount "116"]
[EventDate "2017.10.28"]
[EventType "swiss"]
[EventRounds "6"]
[EventCountry "BUL"]
[SourceDate "2008.07.28"]

1. e4 e6 2. d4 d5 3. Nc3 Nf6 4. Bg5 Be7 5. e5 Nfd7 6. Bxe7 Qxe7 7. f4 a6 8. Nf3
c5 9. Bd3 Nc6 10. dxc5 Nxc5 11. O-O h6 12. f5 Nxd3 13. Qxd3 Qc5+ 14. Kh1 b5 15.
f6 gxf6 16. exf6 Bb7 17. Rae1 O-O-O 18. Ne2 Kb8 19. c3 e5 20. Qf5 Bc8 21. Qh5
Qd6 22. Qxf7 Rdf8 23. Qh5 Rxf6 24. Ng3 Rhf8 25. Ng1 e4 26. Rxf6 Rxf6 27. Rd1
Be6 28. Nxe4 Qf8 29. Nxf6 Qxf6 30. Nf3 Ka7 31. Re1 Bf5 32. Qe8 Be4 33. Rf1 Kb6
34. Qh5 Qg7 35. Nh4 Ne5 36. Kg1 b4 37. cxb4 Nd3 38. Rf7 Qd4+ 39. Kf1 Qxb4 40.
Qxh6+ Ka5 41. Qe3 Qxb2 42. Nf3 Qa1+ 43. Ne1 Qd1 44. Rf6 Qxe1+ 45. Qxe1+ Nxe1
46. Kxe1 Bxg2 47. h4 Kb5 48. h5 a5 49. Kd2 Be4 50. Kc3 Ka4 51. Kb2 Kb4 52. h6
a4 53. a3+ Kc4 54. Ra6 Kb5 55. Ra7 d4 56. h7 Bxh7 57. Rxh7 d3 58. Kc3 d2 1-0

[Event "194th MGU"]
[Site "Sofia"]
[Date "2017.10.28"]
[Round "3.4"]
[White "Georgiev, Nikolay Zh"]
[Black "Simeonov, Daniel"]
[Result "1/2-1/2"]
[WhiteElo "1598"]
[BlackElo "1528"]
[PlyCount "125"]
[EventDate "2017.10.28"]
[EventType "swiss"]
[EventRounds "6"]
[EventCountry "BUL"]
[SourceDate "2008.07.28"]

1. e4 c5 2. Nc3 a6 3. Bc4 e6 4. a3 Nc6 5. d3 Be7 6. Ba2 b6 7. Be3 Bb7 8. Qf3
Ne5 9. Qg3 Ng6 10. O-O-O d5 11. Bd2 Bd6 12. f4 d4 13. Nb1 Qh4 14. Qxh4 Nxh4 15.
g3 Ng6 16. Nf3 h6 17. Rhf1 N6e7 18. Nh4 g6 19. f5 Bc8 20. fxg6 Nxg6 21. Nxg6
fxg6 22. Bf4 Ke7 23. Bxd6+ Kxd6 24. Rf7 Rb8 25. Nd2 b5 26. Rf8 Ra8 27. Rdf1 Bb7
28. Rxa8 Bxa8 29. Rf8 Bb7 30. Re8 c4 31. dxc4 Kd7 32. Rb8 Bc8 33. Rb6 Ke7 34.
cxb5 a5 35. Nf3 Nf6 36. Nxd4 Nxe4 37. Bxe6 Rf8 38. Kb1 Rf6 39. Bxc8 Rxb6 40. c3
Nd6 41. Ba6 Nf5 42. Bc8 Nxd4 43. cxd4 Rxb5 44. Bg4 Rd5 45. b4 axb4 46. axb4
Rxd4 47. Bf3 Rxb4+ 48. Kc2 Ra4 49. Kd3 Ra2 50. h4 Kf6 51. Ke3 h5 52. Kf4 Rf2
53. Ke3 Rf1 54. Be4 g5 55. hxg5+ Kxg5 56. Bf3 Rg1 57. Kf2 Ra1 58. Be2 Ra2 59.
Kf3 Kf5 60. Ke3 Ra3+ 61. Kf2 Rc3 62. Bxh5 Ke4 63. Bg6+ 1/2-1/2

[Event "194th MGU"]
[Site "Sofia"]
[Date "2017.10.28"]
[Round "3.5"]
[White "Georgiev, Pantaley"]
[Black "Novikov, Sergey"]
[Result "0-1"]
[WhiteElo "1688"]
[BlackElo "1827"]
[PlyCount "66"]
[EventDate "2017.10.28"]
[EventType "swiss"]
[EventRounds "6"]
[EventCountry "BUL"]
[SourceDate "2008.07.28"]

1. c4 Nf6 2. d4 c5 3. d5 b5 4. b3 g6 5. Bb2 Bg7 6. e4 bxc4 7. Bxc4 d6 8. Qe2
O-O 9. h3 a5 10. a4 Ba6 11. Na3 Qb6 12. Nb5 Nbd7 13. Nf3 Rfb8 14. g4 h5 15. g5
Ne8 16. Bxg7 Kxg7 17. O-O Nc7 18. Qb2+ Kg8 19. Rad1 Nxb5 20. axb5 Bxb5 21. Qc3
Bxc4 22. bxc4 Qb4 23. Rd3 a4 24. Ra1 Nb6 25. Nd2 Nd7 26. f4 Qxc3 27. Rxc3 Rb2
28. Nb1 Re2 29. Rf3 Rxe4 30. Nd2 Rd4 31. Ra2 Nb6 32. Rc2 a3 33. Ra2 Rxd2 0-1

[Event "194th MGU"]
[Site "Sofia"]
[Date "2017.10.29"]
[Round "4.1"]
[White "Andreev, Dobrotich"]
[Black "Vassilev, Martin"]
[Result "1/2-1/2"]
[WhiteElo "1844"]
[BlackElo "2071"]
[PlyCount "97"]
[EventDate "2017.10.28"]
[EventType "swiss"]
[EventRounds "6"]
[EventCountry "BUL"]
[SourceDate "2008.07.28"]

1. e4 e5 2. Nf3 d6 3. d4 exd4 4. Nxd4 Nf6 5. Nc3 Be7 6. Bc4 O-O 7. O-O c6 8.
Re1 b5 9. Bd3 a6 10. h3 c5 11. Nf3 Bb7 12. Bf4 Nbd7 13. Qd2 c4 14. Bf1 Nc5 15.
Nd5 Ncxe4 16. Nxe7+ Qxe7 17. Qd4 d5 18. Ng5 Rfe8 19. Nxe4 dxe4 20. Bg5 Rad8 21.
Bxf6 Rxd4 22. Bxe7 Rxe7 23. Red1 Red7 24. Be2 f5 25. c3 Rd2 26. Kf1 Kf7 27. Ke1
Rxd1+ 28. Rxd1 Rxd1+ 29. Bxd1 Kf6 30. g3 g5 31. Kd2 f4 32. h4 gxh4 33. gxh4 Kf5
34. Bh5 Bc6 35. a3 Ke5 36. Bf7 h6 37. a4 Bd5 38. Be8 bxa4 39. Bxa4 Kf5 40. Bd7+
Be6 41. Bc6 Kg4 42. Bxe4 Kxh4 43. Ke2 Kg4 44. Kf1 f3 45. Kg1 Kf4 46. Bb7 a5 47.
Kh2 h5 48. Bc6 h4 49. Bb7 1/2-1/2

[Event "194th MGU"]
[Site "Sofia"]
[Date "2017.10.29"]
[Round "4.2"]
[White "Georgiev, Nikolay Zh"]
[Black "Mladenov, Andrey"]
[Result "1-0"]
[WhiteElo "1598"]
[BlackElo "1593"]
[PlyCount "41"]
[EventDate "2017.10.28"]
[EventType "swiss"]
[EventRounds "6"]
[EventCountry "BUL"]
[SourceDate "2008.07.28"]

1. e4 c5 2. Nc3 Nc6 3. Bc4 Nf6 4. d3 g6 5. a3 a6 6. Bg5 Bg7 7. Qd2 O-O 8. Nge2
d6 9. Ba2 b5 10. Ng3 Bb7 11. Bh6 Nd4 12. Bxg7 Kxg7 13. Rc1 Qb6 14. Nce2 Nxe2
15. Kxe2 Rac8 16. h4 h5 17. Qg5 c4 18. Nf5+ Kg8 19. Nxe7+ Kg7 20. Nf5+ Kh7 21.
Qh6+ 1-0

[Event "194th MGU"]
[Site "Sofia"]
[Date "2017.10.29"]
[Round "4.3"]
[White "Simeonov, Daniel"]
[Black "Metev, Martin"]
[Result "0-1"]
[WhiteElo "1528"]
[BlackElo "1907"]
[PlyCount "76"]
[EventDate "2017.10.28"]
[EventType "swiss"]
[EventRounds "6"]
[EventCountry "BUL"]
[SourceDate "2008.07.28"]

1. d4 e6 2. c4 d5 3. e3 Nf6 4. a3 c6 5. f3 Be7 6. Nc3 Nbd7 7. Bd3 dxc4 8. Bxc4
b5 9. Bd3 a6 10. Nge2 c5 11. dxc5 Bxc5 12. O-O Qb6 13. Qd2 Bb7 14. b4 Be7 15.
Kh1 Ne5 16. Nd4 Rd8 17. Be2 Nc6 18. Qb2 Nxd4 19. exd4 Qxd4 20. Nd1 O-O 21. Be3
Qxb2 22. Nxb2 Nd5 23. Bd2 Bf6 24. Rab1 Nb6 25. Be3 Nd5 26. Bc5 Rfe8 27. Nd1 Nf4
28. Re1 Bh4 29. Nf2 Rd2 30. g3 Nxe2 31. Ne4 Bxe4 32. fxe4 Bf6 33. Rb3 g6 34.
Rf3 Bd4 35. Ref1 Bxc5 36. bxc5 f5 37. e5 Rc8 38. R3f2 Rxc5 0-1

[Event "194th MGU"]
[Site "Sofia"]
[Date "2017.10.29"]
[Round "4.5"]
[White "Ivanov, Daniel"]
[Black "Novikov, Sergey"]
[Result "1/2-1/2"]
[WhiteElo "1758"]
[BlackElo "1827"]
[PlyCount "56"]
[EventDate "2017.10.28"]
[EventType "swiss"]
[EventRounds "6"]
[EventCountry "BUL"]
[SourceDate "2008.07.28"]

1. e4 c5 2. Nf3 Nc6 3. c4 Nf6 4. Nc3 g6 5. Be2 Bg7 6. d3 O-O 7. h3 d6 8. Be3 a6
9. a4 Rb8 10. O-O Bd7 11. Qd2 Re8 12. Bg5 Nd4 13. Nxd4 cxd4 14. Nd5 Nxd5 15.
cxd5 Qb6 16. Rfc1 h6 17. Bh4 g5 18. Bg3 Rec8 19. Rc4 Rxc4 20. dxc4 d3 21. Bxd3
Qxb2 22. Qxb2 Bxb2 23. Rb1 Bd4 24. Bc2 b6 25. Rd1 Bc3 26. Rd3 Bb4 27. e5 Rc8
28. Bb3 b5 1/2-1/2

[Event "194th MGU"]
[Site "Sofia"]
[Date "2017.10.29"]
[Round "5.1"]
[White "Andreev, Dobrotich"]
[Black "Georgiev, Nikolay Zh"]
[Result "1-0"]
[WhiteElo "1844"]
[BlackElo "1598"]
[PlyCount "37"]
[EventDate "2017.10.28"]
[EventType "swiss"]
[EventRounds "6"]
[EventCountry "BUL"]
[SourceDate "2008.07.28"]

1. e4 e5 2. Nf3 d5 3. d4 dxe4 4. Nxe5 Be6 5. Bc4 Bxc4 6. Nxc4 g6 7. O-O Bg7 8.
Qe2 f5 9. Ne5 Nd7 10. Nc3 Nh6 11. Bxh6 Bxh6 12. Qc4 Nxe5 13. dxe5 c6 14. Rad1
Qe7 15. Rd6 Kf8 16. Rf6+ Kg7 17. Rd1 Rad8 18. Rfd6 Rxd6 19. exd6 1-0

[Event "194th MGU"]
[Site "Sofia"]
[Date "2017.10.29"]
[Round "5.2"]
[White "Vassilev, Martin"]
[Black "Mladenov, Andrey"]
[Result "1-0"]
[WhiteElo "2071"]
[BlackElo "1593"]
[PlyCount "71"]
[EventDate "2017.10.28"]
[EventType "swiss"]
[EventRounds "6"]
[EventCountry "BUL"]
[SourceDate "2008.07.28"]

1. e4 c5 2. Nf3 Nc6 3. c3 Nf6 4. e5 Nd5 5. d4 cxd4 6. cxd4 d6 7. Bc4 e6 8. O-O
Be7 9. a3 O-O 10. Qe2 b6 11. Nbd2 Bb7 12. Rd1 Qc7 13. Bxd5 exd5 14. e6 Bf6 15.
exf7+ Qxf7 16. Nb3 Rfe8 17. Be3 a5 18. Qd2 a4 19. Nc1 Na5 20. Qb4 Nc4 21. Nd3
h6 22. Re1 Qg6 23. Nf4 Qf5 24. Nd2 Qd7 25. Nxc4 dxc4 26. Qxc4+ Kh8 27. Rac1
Rac8 28. Qb4 b5 29. h3 Bc6 30. Nh5 Bd8 31. d5 Bxd5 32. Qd4 Rxc1 33. Rxc1 Re5
34. Nf4 Bf7 35. Rd1 Be7 36. Qxe5 1-0

[Event "194th MGU"]
[Site "Sofia"]
[Date "2017.10.29"]
[Round "5.3"]
[White "Metev, Martin"]
[Black "Ivanov, Daniel"]
[Result "1-0"]
[WhiteElo "1907"]
[BlackElo "1758"]
[PlyCount "73"]
[EventDate "2017.10.28"]
[EventType "swiss"]
[EventRounds "6"]
[EventCountry "BUL"]
[SourceDate "2008.07.28"]

1. e4 e6 2. d4 c6 3. c4 d5 4. cxd5 cxd5 5. Nc3 a6 6. e5 Nc6 7. Nf3 Be7 8. Bd3
f5 9. O-O Bd7 10. h3 h5 11. a3 Rc8 12. Bd2 g6 13. b4 Na7 14. Qb3 Nb5 15. Ne2 g5
16. a4 Nc7 17. b5 g4 18. Nh2 Kf8 19. Ba5 Qe8 20. Bxc7 Rxc7 21. bxa6 bxa6 22.
Bxa6 gxh3 23. gxh3 Qg6+ 24. Kh1 Kf7 25. Rg1 Qh7 26. Nf4 Nh6 27. Nxh5 Ng4 28.
hxg4 fxg4 29. Rxg4 Qxh5 30. Qf3+ Qf5 31. Rf4 Rc2 32. Rxf5+ exf5 33. Qxd5+ Be6
34. Qf3 Rd8 35. Qh5+ Kf8 36. Rg1 Rxd4 37. Qh8+ 1-0

[Event "194th MGU"]
[Site "Sofia"]
[Date "2017.10.29"]
[Round "5.4"]
[White "Novikov, Sergey"]
[Black "Tsekov, Vasil"]
[Result "1-0"]
[WhiteElo "1827"]
[BlackElo "1709"]
[PlyCount "29"]
[EventDate "2017.10.28"]
[EventType "swiss"]
[EventRounds "6"]
[EventCountry "BUL"]
[SourceDate "2008.07.28"]

1. b4 d5 2. Bb2 Bf5 3. Nf3 Nd7 4. e3 Ngf6 5. c4 c6 6. Nc3 e6 7. b5 Be7 8. bxc6
bxc6 9. Nd4 Qb6 10. Na4 Qb7 11. Nxf5 exf5 12. Rb1 Rb8 13. Bd3 Ne4 14. Bxg7 Rg8
15. Rxb7 1-0

[Event "194th MGU"]
[Site "Sofia"]
[Date "2017.10.29"]
[Round "5.5"]
[White "Simeonov, Daniel"]
[Black "Georgiev, Pantaley"]
[Result "0-1"]
[WhiteElo "1528"]
[BlackElo "1688"]
[PlyCount "114"]
[EventDate "2017.10.28"]
[EventType "swiss"]
[EventRounds "6"]
[EventCountry "BUL"]
[SourceDate "2008.07.28"]

1. d4 d5 2. e3 e6 3. Bd3 b6 4. a3 c5 5. b3 Ba6 6. Nf3 Nf6 7. O-O Bd6 8. Ne5
Bxd3 9. Qxd3 a6 10. Bb2 Bxe5 11. dxe5 Ng4 12. f4 g6 13. Nc3 h5 14. h3 Nh6 15.
Rad1 Nc6 16. Ne2 h4 17. c3 b5 18. e4 dxe4 19. Qxe4 Qb6 20. Rd6 Rc8 21. Rfd1 Nf5
22. Kh2 Nxd6 23. Rxd6 O-O 24. b4 Rfd8 25. Bc1 Rxd6 26. exd6 Nd8 27. Be3 Qxd6
28. Bxc5 Rxc5 29. bxc5 Qxc5 30. Qa8 Qb6 31. Nd4 Kg7 32. Qc8 Nb7 33. Qb8 a5 34.
Qe5+ f6 35. Qxe6 Qxe6 36. Nxe6+ Kh6 37. Nd4 Nd6 38. Kg1 Kh5 39. Kf1 g5 40. f5
g4 41. hxg4+ Kxg4 42. Kf2 Ne4+ 43. Kf1 Nxc3 44. Kf2 Kf4 45. Nc6 a4 46. Nd4 Ne4+
47. Ke2 Nd6 48. Kf2 Ke4 49. Ne2 Kxf5 50. Nd4+ Ke4 51. Nf3 Nf5 52. Nd2+ Kd3 53.
Nf3 Kc3 54. Nh2 Ne7 55. Nf3 Ng6 56. Nh2 f5 57. Ke3 Kb3 0-1

[Event "194th MGU"]
[Site "Sofia"]
[Date "2017.10.29"]
[Round "6.4"]
[White "Ivanov, Daniel"]
[Black "Simeonov, Daniel"]
[Result "1-0"]
[WhiteElo "1758"]
[BlackElo "1528"]
[PlyCount "71"]
[EventDate "2017.10.28"]
[EventType "swiss"]
[EventRounds "6"]
[EventCountry "BUL"]
[SourceDate "2008.07.28"]

1. e4 g6 2. f4 e6 3. Nf3 Bg7 4. d4 b6 5. Bd3 Ba6 6. O-O Bxd3 7. Qxd3 Ne7 8. c3
d6 9. Be3 O-O 10. Nbd2 c5 11. Rad1 Nd7 12. Nb3 Nf6 13. e5 Nfd5 14. exd6 Nf5 15.
Bc1 Rc8 16. dxc5 bxc5 17. c4 Nb6 18. g4 Nd4 19. Nfxd4 cxd4 20. c5 Na4 21. Qb5
Nxc5 22. Nxc5 Qxd6 23. b4 Qd5 24. a3 e5 25. fxe5 Bxe5 26. Qd3 Rfe8 27. Bf4 Bg7
28. Rfe1 Red8 29. Re2 h6 30. Rde1 g5 31. Be5 a5 32. Bxg7 Kxg7 33. Re5 Qc6 34.
Ne6+ fxe6 35. Rxe6 Rd6 36. Re7+ 1-0